1001 1819 1858 1684 1163 1555 1936 1458 1593 1152 1482 1598 1133 1828 1516 1512 1512 1175 1632 1921 1128 1155 1197 1238 1944 1077 1287 1504 1566 1950 1386 1599 1793 1267 1632 1221 1664 1825 1991 1652 1453 1359 1404 1161 1195 1051 1573 1480 1424 1791 1936 1817 1389 1462 1703 1313 1844 1896 1536 1218 1168 1313 1919 1107 1540 1399 1910 1076 1856 1678 1652 1714 1663 1744 1668 1931 1230 1577 1035 1492 1583 1050 1106 1792 1665 1520 1460 1813 1845 1322 1517 1348 1496 1898 1610 1106 1280 1685 1284 BCNSPRNW ULIB Ver.6.0+V

เปลี่ยนเป็นภาษาไทย

Change to English
 แสดงรายละเอียดบรรณานุกรม
  กลับหน้าหลัก

Brief Record : Get Marc (ISO 2709) : E-mail record : QR code < ปิดหน้าต่าง
LEADER : 00000nam 2200000uu 4500
001    13399128206
003     ULIB
008    220815s2021||||th 000 0 tha d
020    ^a9781284170177
060 04 ^aWY18^bI58
245 00 ^aInnovative teaching strategies in nursing and relatedhealth professions /^cedited by Martha J. Bradshaw, ArleneJ. Lowenstein.
250    ^a8th ed.
260    ^aBurlington, Massachusetts :^bJones & Bartlett Learning,^c2021
300    ^axix, 443 p. :^bill. ;^c23 cm
500    ^aPreceded by Innovative teaching strategies in nursing andrelated health professions / edited by Martha J. Bradshaw,Arlene J. Lowenstein. 5th ed. 2011.
504    ^aIncludes bibliographical references and index
650  2 ^aEducation, Nursing^xmethods
650  2 ^aTeaching^xmethods
700 1  ^aBradshaw, Martha J, ^eed.
700 1  ^aLowenstein, Arlene J, ^eed.
945    ^p0^l0^i009310
999    ^aประนอม เกษจรัล
รายการนี้ยังไม่มีแท็ก
คุณยังไม่ได้ล็อกอิน คุณสามารถมีกิจกรรมร่วมกับเว็บไซต์ได้ แต่ต้องล็อกอินก่อน ::
  ล็อกอิน

รายการสื่อสารสนเทศ

ลำดับที่ ประเภท เลขเรียก/บาร์โค้ด สถานที่ สถานะ
1. Book การพยาบาล
หนังสือสำรอง
สถานะ=หนังสือสำรอง
WY18 I58 ฉ.1 
  Barcode: 009310
ห้องสมุดวิทยาเขตสวรรค์ประชารักษ์
►หนังสือทั่วไป
บนชั้น

BibComment


ยังไม่เคยถูกคอมเมนท์

คอมเมนท์ทรัพยากรรายการนี้
  คอมเมนท์: Innovative teach..


 Copyright 2026. Bcnsprnw @Library